[Event "Top 12 FRA-chT 2017"]
[Site "Chartres"]
[Date "2017.05.28"]
[Round "11"]
[White "Ouakhir, Pierre Mehdi"]
[Black "Brunner, Nicolas"]
[Result "0-1"]
[WhiteElo "2277"]
[BlackElo "2459"]
[Annotator "TA"]
[PlyCount "66"]
[EventDate "2017.??.??"]
[EventType "team-tourn"]
[EventCountry "FRA"]
[SourceTitle "playchess.com"]
[Source "ChessBase"]
[SourceQuality "1"]
[WhiteTeam "Montpellier"]
[BlackTeam "Vandoeuvre"]

{[%evp 17,66,0,0,0,0,0,0,0,0,-2,0,0,4,14,17,11,39,4,4,11,11,0,58,59,54,0,0,0,0,-41,-37,-721,-702,-804,-634,-620,-620,-619,-616,-618,-613,-604,-598,-596,-581,-941,-943,-1225,-1405,-1278,-1017]} 1. d4 d6 2. c4 e5 3. Nc3 exd4 4. Qxd4 Nc6 5. Qd2 Nf6 6. b3 a5 7. Bb2 {A21: English Opening: 1...e5 2 Nc3} a4 8. Rd1 axb3 9. axb3 g6 {LiveBook: 6 Games} (9... Be6 10. e4 g6 11. Nge2 Bg7 12. Nf4 O-O 13. Be2 Nd7 14. Na4 Bxb2 15. Qxb2 {1-0 (51) Hesham,A (2348)-Zhang,Z (2641) Dubai 2017}) 10. g3 Bg7 11. Bg2 O-O 12. e4 $146 ({Predecessor:} 12. Nh3 Bf5 13. O-O Re8 14. Rfe1 Nd7 {½-½ (74) Eden,J (2196)-Aubry,Y (2218) Montbeliard 2014}) 12... Nd7 {Black wants to play ...Nd4.} (12... Bg4 $5 {[%cal Rg4d1]} 13. f3 Be6 $11) 13. Nge2 Nc5 14. Nc1 $1 Nd4 15. b4 $1 {[%cal Rb4c5]} Bh3 16. O-O Nce6 17. f4 Bxg2 $1 18. Kxg2 {Black should prevent f5.} f5 19. N1e2 {[%cal Re2d4]} c6 ({Better is} 19... fxe4 $11 20. Nxd4 Nxd4) 20. Nxd4 $14 Nxd4 21. exf5 (21. Qf2 $14) 21... Nxf5 $11 {[#] ...Qb6 is the strong threat.} 22. g4 Nd4 $36 {[%mdl 2048] Black is pushing.} 23. Qf2 (23. Ne4 $5 {[%cal Rb2d4]} Ra2 24. Nc3 $11) 23... Ne6 24. Kg3 $2 {[%mdl 8192]} (24. Qe3 $15 Qe8 25. f5 gxf5 26. Rxd6) 24... Nxf4 $19 {Black is clearly winning.} 25. Ne4 Nh5+ 26. gxh5 {[#] And now Nf6+ would win.} Rxf2 27. Rxf2 Bxb2 28. Rxb2 Qe7 29. Re2 gxh5 30. Rxd6 {Strongly threatening Nf6+.} Kh8 31. c5 Rf8 {( -> ...Qg7+)} 32. h4 Qe5+ 33. Kg2 Qf4 {Precision: White = 40%, Black = 87%.} 0-1

[Event "Top 12 FRA-chT 2017"]
[Site "Chartres"]
[Date "2017.05.28"]
[Round "11"]
[White "Le Corre, Benjamin"]
[Black "Grollemund, Bertrand"]
[Result "1-0"]
[WhiteElo "2261"]
[BlackElo "2182"]
[Annotator "NA"]
[PlyCount "101"]
[EventDate "2017.??.??"]
[EventType "team-tourn"]
[EventCountry "FRA"]
[SourceTitle "playchess.com"]
[Source "ChessBase"]
[SourceQuality "1"]
[WhiteTeam "Vandoeuvre"]
[BlackTeam "Montpellier"]
[TimeControl "40/5400+30:1800+30"]

1. e4 {[%emt 0:00:00]} g6 {[%emt 0:00:32]} 2. d4 {[%emt 0:00:09]} Bg7 {[%emt 0:00:04]} 3. Nf3 {[%emt 0:00:05]} d6 {[%emt 0:00:05]} 4. Bd3 {[%emt 0:01:32]} Nc6 {[%emt 0:03:26]} 5. c3 {[%emt 0:01:19]} Nf6 {[%emt 0:05:00]} 6. O-O {[%emt 0:02:31]} O-O {[%emt 0:00:35]} 7. Re1 {[%emt 0:06:16]} e5 {[%emt 0:03:02]} 8. Nbd2 {[%emt 0:05:06]} Nh5 {[%emt 0:04:05]} 9. dxe5 {[%emt 0:01:31]} Nf4 {[%emt 0:12:25]} 10. Bf1 {[%emt 0:02:54]} dxe5 {[%emt 0:03:23]} 11. Nc4 {[%emt 0:01:18]} Qxd1 {[%emt 0:02:19]} 12. Rxd1 {[%emt 0:00:12]} Bg4 {[%emt 0:00:16]} 13. Be3 {[%emt 0:06:38]} Bxf3 {[%emt 0:04:08]} 14. gxf3 {[%emt 0:07:34]} Rfd8 {[%emt 0:04:59]} 15. b4 {[%emt 0:01:46]} g5 {[%emt 0:13:50]} 16. Na5 {[%emt 0:08:11]} Nxa5 {[%emt 0:09:56]} 17. bxa5 {[%emt 0:02:49]} Bf8 {[%emt 0:00:28]} 18. Rdb1 {[%emt 0:02:49]} b6 {[%emt 0:00:21]} 19. Rb5 {[%emt 0:00:16]} Bd6 {[%emt 0:09:34]} 20. Rab1 {[%emt 0:05:47]} h6 {[%emt 0:02:17]} 21. R5b2 {[%emt 0:07:14]} Ne6 {[%emt 0:02:13]} 22. Bc4 {[%emt 0:00:05]} Bc5 {[%emt 0:00:41]} 23. Bxe6 {[%emt 0:02:34]} Bxe3 {[%emt 0:09:50]} 24. Bd5 {[%emt 0:02:39]} c6 {[%emt 0:01:41]} 25. Bxc6 {[%emt 0:01:44]} Rac8 {[%emt 0:00:05]} 26. Bd5 {[%emt 0:00:19]} Bc5 {[%emt 0:00:33]} 27. a6 {[%emt 0:01:29]} Bd6 {[%emt 0:02:23]} 28. Rb3 {[%emt 0:00:19]} Kf8 {[%emt 0:00:34]} 29. c4 {[%emt 0:01:44]} Rc5 {[%emt 0:01:01]} 30. Rb5 {[%emt 0:00:30]} Rdc8 {[%emt 0:00:20]} 31. a4 {[%emt 0:00:59]} Rxb5 {[%emt 0:00:26]} 32. axb5 {[%emt 0:00:28]} Bc5 {[%emt 0:00:27]} 33. Rd1 {[%emt 0:01:11]} Bd4 {[%emt 0:00:21]} 34. Bc6 {[%emt 0:04:16]} Rd8 {[%emt 0:02:02]} 35. c5 {[%emt 0:02:34]} Ke7 {[%emt 0:00:08]} 36. Rc1 {[%emt 0:09:26]} Rb8 {[%emt 0:03:25]} 37. Bb7 {[%emt 0:03:48]} Kd8 {[%emt 0:00:31]} 38. cxb6 {[%emt 0:00:29]} Bxb6 {[%emt 0:00:15]} 39. Rc6 {[%emt 0:00:13]} Bd4 {[%emt 0:00:26]} 40. b6 {[%emt 0:00:41]} Kd7 {[%emt 0:31:40]} 41. Rc7+ {[%emt 0:33:38]} Kd6 {[%emt 0:00:30]} 42. Rc6+ {[%emt 0:04:39]} Kd7 {[%emt 0:00:00]} 43. Rxh6 {[%emt 0:00:00]} Rg8 {[%emt 0:00:00]} 44. Bd5 {[%emt 0:00:00]} Rg6 {[%emt 0:00:00]} 45. b7 {[%emt 0:00:00]} Rg8 {[%emt 0:00:00]} 46. Rf6 {[%emt 0:00:00]} Rb8 {[%emt 0:00:00]} 47. Rxf7+ {[%emt 0:00:00]} Kd6 {[%emt 0:00:00]} 48. Rf6+ {[%emt 0:00:00]} Kc7 {[%emt 0:00:00]} 49. Rc6+ {[%emt 0:00:00]} Kd7 {[%emt 0:00:00]} 50. Rc8 {[%emt 0:00:00]} Rxc8 {[%emt 0:00:00]} 51. Be6+ {[%emt 0:00:00]} 1-0

[Event "Top 12 FRA-chT 2017"]
[Site "Chartres"]
[Date "2017.05.28"]
[Round "11"]
[White "Maisuradze, Nino"]
[Black "Rodon, Gurvan"]
[Result "1-0"]
[WhiteElo "2260"]
[BlackElo "2047"]
[Annotator "NA"]
[PlyCount "55"]
[EventDate "2017.??.??"]
[EventType "team-tourn"]
[EventCountry "FRA"]
[SourceTitle "playchess.com"]
[Source "ChessBase"]
[SourceQuality "1"]
[WhiteTeam "Bischwiller"]
[BlackTeam "Lisieux"]
[TimeControl "40/5400+30:1800+30"]

1. d4 {[%emt 0:00:00]} Nf6 {[%emt 0:00:15]} 2. Nf3 {[%emt 0:00:05]} e6 {[%emt 0:01:21]} 3. Bf4 {[%emt 0:00:15]} d5 {[%emt 0:02:05]} 4. e3 {[%emt 0:00:56]} Bd6 {[%emt 0:02:24]} 5. Bg3 {[%emt 0:00:28]} O-O {[%emt 0:00:59]} 6. Nbd2 {[%emt 0:03:17]} c5 {[%emt 0:01:14]} 7. c3 {[%emt 0:00:17]} Nc6 {[%emt 0:00:36]} 8. Bd3 {[%emt 0:00:23]} Qe7 {[%emt 0:00:36]} 9. Ne5 {[%emt 0:00:19]} Nd7 {[%emt 0:01:49]} 10. f4 {[%emt 0:04:41]} f6 {[%emt 0:04:31]} 11. Nxd7 {[%emt 0:18:08]} Bxd7 {[%emt 0:00:10]} 12. Qf3 {[%emt 0:17:31]} Be8 {[%emt 0:08:28]} 13. O-O {[%emt 0:04:29]} Bf7 {[%emt 0:00:43]} 14. Rae1 {[%emt 0:03:23]} e5 {[%emt 0:03:42]} 15. dxe5 {[%emt 0:17:07]} fxe5 {[%emt 0:00:32]} 16. e4 {[%emt 0:01:00]} d4 {[%emt 0:02:07]} 17. f5 {[%emt 0:04:12]} dxc3 {[%emt 0:05:28]} 18. bxc3 {[%emt 0:00:04]} Bxa2 {[%emt 0:00:10]} 19. Nc4 {[%emt 0:06:02]} Bxc4 {[%emt 0:03:03]} 20. Bxc4+ {[%emt 0:00:01]} Kh8 {[%emt 0:00:15]} 21. Qg4 {[%emt 0:01:22]} Qc7 {[%emt 0:00:54]} 22. Rf3 {[%emt 0:03:43]} Be7 {[%emt 0:00:23]} 23. Qh5 {[%emt 0:06:25]} h6 {[%emt 0:06:30]} 24. Bf2 {[%emt 0:00:44]} b6 {[%emt 0:00:54]} 25. g4 {[%emt 0:01:22]} Qd6 {[%emt 0:34:38]} 26. Be3 {[%emt 0:00:06]} Rfd8 {[%emt 0:00:32]} 27. f6 {[%emt 0:02:25]} Bf8 {[%emt 0:01:51]} 28. Qf7 {[%emt 0:01:51]} 1-0

[Event "Top 12 FRA-chT 2017"]
[Site "Chartres"]
[Date "2017.05.28"]
[Round "11"]
[White "Steil-Antoni, Fiona"]
[Black "Guerlin Dit De Guer, Clarisse"]
[Result "1-0"]
[WhiteElo "2155"]
[BlackElo "1278"]
[Annotator "NA"]
[PlyCount "36"]
[EventDate "2017.??.??"]
[EventType "team-tourn"]
[EventCountry "FRA"]
[SourceTitle "playchess.com"]
[Source "ChessBase"]
[SourceQuality "1"]
[WhiteTeam "Vandoeuvre"]
[BlackTeam "Montpellier"]

1. f4 e6 2. Nf3 d5 3. e3 Nf6 4. Be2 Be7 5. O-O O-O 6. b3 b6 7. Bb2 Bb7 8. Qe1 Nbd7 9. Ne5 Re8 10. d3 c5 11. Nd2 Qc7 12. Ndf3 Nxe5 13. Nxe5 Rf8 14. Qg3 Rad8 15. Rae1 d4 16. e4 Nd7 17. Nf3 f6 18. Bc1 Bd6 1-0